[Event "DSJ Weihnachtsturnier U20 2020"]
[Site "https://play.chessbase.com/en/play?room=DSJWeihnachtU20"]
[Date "2020.12.29"]
[Round "3"]
[White "Tovmasyan, Minas"]
[Black "Ciolacu, Alessia-Mihaela"]
[Result "0-1"]
[Termination "normal"]
[Board "11.2"]
[BlackTitle "WFM"]
[WhiteElo "1771"]
[BlackElo "2052"]
[WhiteTeam "TuS Makkabi Rostock"]
[BlackTeam "Schachverein Hemer 1932"]
[PlyCount "66"]
[WhiteFideId "16247620"]
[BlackFideId "1252640"]
[EventRounds "7"]
[EventType "team-swiss"]
[EventDate "2020.12.29"]

1. d4 {[%emt 0:00:05]} Nf6 {[%emt 0:00:02]} 2. c4 {[%emt 0:00:02]} e6 {[%emt
0:00:01]} 3. Nf3 {[%emt 0:00:01]} d5 {[%emt 0:00:03]} 4. Nc3 {[%emt 0:00:01]}
a6 {[%emt 0:00:02]} 5. Bf4 {[%emt 0:00:02]} dxc4 {[%emt 0:00:31]} 6. a4 {[%emt
0:00:14]} Bb4 {[%emt 0:00:09]} 7. e3 {[%emt 0:00:21]} Nd5 {[%emt 0:00:23]} 8.
Qc2 {[%emt 0:00:26]} Nc6 {[%emt 0:00:04]} 9. Bg3 {[%emt 0:00:12]} Na5 {[%emt
0:00:09]} 10. Nd2 {[%emt 0:02:21]} Bxc3 {[%emt 0:01:50]} 11. bxc3 {[%emt
0:00:00]} b5 {[%emt 0:00:03]} 12. axb5 {[%emt 0:03:23]} axb5 {[%emt 0:00:03]}
13. Bxc4 { [%emt 0:00:38]} bxc4 {[%emt 0:00:45]} 14. Nxc4 {[%emt 0:00:03]} c6
{[%emt 0:01:07]} 15. e4 {[%emt 0:00:59]} O-O {[%emt 0:00:59]} 16. exd5 {[%emt
0:01:16]} cxd5 {[%emt 0:00:13]} 17. Nd6 {[%emt 0:00:09]} Ba6 {[%emt 0:00:05]}
18. Qa4 { [%emt 0:00:18]} Nc4 {[%emt 0:00:25]} 19. Nxc4 {[%emt 0:00:02]} Bxc4
{[%emt 0:00:01]} 20. Qxa8 {[%emt 0:00:01]} Qxa8 {[%emt 0:00:01]} 21. Rxa8
{[%emt 0:00:00]} Rxa8 {[%emt 0:00:01]} 22. Kd2 {[%emt 0:00:00]} Ra2+ {[%emt
0:00:08]} 23. Ke3 {[%emt 0:00:01]} Rc2 {[%emt 0:00:06]} 24. Ra1 {[%emt
0:00:03]} Rxc3+ { [%emt 0:00:05]} 25. Kd2 {[%emt 0:00:01]} Rd3+ {[%emt
0:00:02]} 26. Kc2 { [%emt 0:00:04]} f6 {[%emt 0:00:01]} 27. Ra8+ {[%emt
0:00:02]} Kf7 {[%emt 0:00:01]} 28. Ra7+ {[%emt 0:00:02]} Kg6 {[%emt 0:00:01]}
29. h4 {[%emt 0:00:02]} Rxd4 {[%emt 0:00:11]} 30. h5+ {[%emt 0:00:01]} Kh6
{[%emt 0:00:04]} 31. Re7 { [%emt 0:00:05]} e5 {[%emt 0:00:10]} 32. Re6 {[%emt
0:00:01]} Kxh5 {[%emt 0:00:03]} 33. Re7 {[%emt 0:00:05]} Kg6 {[%emt 0:00:02]}
0-1

[Event "DSJ Weihnachtsturnier U20 2020"]
[Site "https://play.chessbase.com/en/play?room=DSJWeihnachtU20"]
[Date "2020.12.29"]
[Round "3"]
[White "Trinh, Fabian Dat"]
[Black "Elsken Sicard, Fabian"]
[Result "1/2-1/2"]
[Termination "normal"]
[Board "11.3"]
[WhiteElo "1818"]
[BlackElo "1469"]
[WhiteTeam "Schachverein Hemer 1932"]
[BlackTeam "TuS Makkabi Rostock"]
[PlyCount "107"]
[WhiteFideId "16243641"]
[BlackFideId "16247612"]
[EventRounds "7"]
[EventType "team-swiss"]
[EventDate "2020.12.29"]

1. d4 {[%emt 0:00:04]} Nf6 {[%emt 0:00:02]} 2. Bf4 {[%emt 0:00:01]} g6 { [%emt
0:00:02]} 3. e3 {[%emt 0:00:02]} Bg7 {[%emt 0:00:01]} 4. Nf3 {[%emt 0:00:02]}
O-O {[%emt 0:00:01]} 5. Be2 {[%emt 0:00:01]} d6 {[%emt 0:00:01]} 6. h3 { [%emt
0:00:01]} Nbd7 {[%emt 0:00:01]} 7. O-O {[%emt 0:00:03]} c5 {[%emt 0:00:05]} 8.
c3 {[%emt 0:00:02]} b6 {[%emt 0:00:11]} 9. Nbd2 {[%emt 0:00:04]} Bb7 { [%emt
0:00:02]} 10. a4 {[%emt 0:00:02]} a6 {[%emt 0:00:44]} 11. Nc4 {[%emt 0:00:18]}
Rc8 {[%emt 0:00:29]} 12. Qb3 {[%emt 0:00:09]} Bd5 {[%emt 0:00:23]} 13. Qc2
{[%emt 0:00:17]} cxd4 {[%emt 0:00:13]} 14. Ncd2 {[%emt 0:00:19]} dxc3 { [%emt
0:00:06]} 15. bxc3 {[%emt 0:00:03]} Ne4 {[%emt 0:00:16]} 16. Nxe4 { [%emt
0:00:25]} Bxe4 {[%emt 0:00:31]} 17. Qxe4 {[%emt 0:00:05]} Rxc3 {[%emt 0:00:09]}
18. Rab1 {[%emt 0:01:29]} Nc5 {[%emt 0:00:13]} 19. Qb4 {[%emt 0:00:21]} Rc2
{[%emt 0:00:11]} 20. Bd1 {[%emt 0:00:38]} Bc3 {[%emt 0:00:58]} 21. Qc4 { [%emt
0:01:33] Hemer1-003 reconnected.} d5 {[%emt 0:00:18]} 22. Qxc5 {[%emt 0:01:09]}
bxc5 {[%emt 0:00:10]} 23. Bxc2 {[%emt 0:00:01]} f6 {[%emt 0:01:12]} 24. Rb7
{[%emt 0:01:20]} e5 {[%emt 0:00:08]} 25. Bh6 {[%emt 0:00:02]} Rf7 {[%emt
0:00:02]} 26. Rfb1 {[%emt 0:00:02]} Bb4 {[%emt 0:00:11]} 27. Rxf7 {[%emt
0:00:25] } Kxf7 {[%emt 0:00:01]} 28. Bb3 {[%emt 0:00:04]} g5 {[%emt 0:00:44]}
29. h4 { [%emt 0:00:10]} g4 {[%emt 0:00:09]} 30. Nh2 {[%emt 0:00:17]} Qd7
{[%emt 0:00:32]} 31. e4 {[%emt 0:00:10]} Kg6 {[%emt 0:00:04]} 32. Bc1 {[%emt
0:00:21]} c4 { [%emt 0:00:22]} 33. Bc2 {[%emt 0:00:11]} a5 {[%emt 0:00:43]} 34.
exd5+ { [%emt 0:00:02]} Kg7 {[%emt 0:00:01]} 35. Be3 {[%emt 0:00:16]} h5 {[%emt
0:00:51]} 36. Rd1 {[%emt 0:00:04]} f5 {[%emt 0:00:17]} 37. g3 {[%emt 0:00:23]
Hemer1-003 offers a draw} Qd6 {[%emt 0:00:36]} 38. Bg5 {[%emt 0:00:09]} Kg6 {
[%emt 0:00:13]} 39. Nf1 {[%emt 0:00:02]} Bc5 {[%emt 0:00:03]} 40. Ne3 {[%emt
0:00:02]} Bxe3 {[%emt 0:00:02]} 41. Bxe3 {[%emt 0:00:02]} Qd7 {[%emt 0:00:02]}
42. d6 {[%emt 0:00:03]} Kf6 {[%emt 0:00:03]} 43. Bb6 {[%emt 0:00:02]} Ke6 {
[%emt 0:00:03]} 44. Bxa5 {[%emt 0:00:02]} Kf6 {[%emt 0:00:03]} 45. Bb4 { [%emt
0:00:03]} e4 {[%emt 0:00:02]} 46. Kg2 {[%emt 0:00:03]} Ke6 {[%emt 0:00:02]} 47.
Rd4 {[%emt 0:00:02]} Qc6 {[%emt 0:00:03]} 48. d7 {[%emt 0:00:02]} e3+ {[%emt
0:00:01]} 49. Kf1 {[%emt 0:00:05]} Qh1+ {[%emt 0:00:02]} 50. Ke2 { [%emt
0:00:02]} Qf3+ {[%emt 0:00:02]} 51. Ke1 {[%emt 0:00:06]} Qh1+ {[%emt 0:00:02]}
52. Ke2 {[%emt 0:00:02]} Qf3+ {[%emt 0:00:01]} 53. Ke1 {[%emt 0:00:02]} Qh1+
{[%emt 0:00:01]} 54. Ke2 {[%emt 0:00:01]} 1/2-1/2

[Event "DSJ Weihnachtsturnier U20 2020"]
[Site "https://play.chessbase.com/en/play?room=DSJWeihnachtU20"]
[Date "2020.12.29"]
[Round "3"]
[White "Röste, Hugo"]
[Black "Leonard, Timo"]
[Result "0-1"]
[Termination "normal"]
[Board "11.4"]
[WhiteElo "1597"]
[BlackElo "1953"]
[WhiteTeam "TuS Makkabi Rostock"]
[BlackTeam "Schachverein Hemer 1932"]
[PlyCount "58"]
[WhiteFideId "16247604"]
[BlackFideId "16208757"]
[EventRounds "7"]
[EventType "team-swiss"]
[EventDate "2020.12.29"]

1. d4 {[%emt 0:00:08]} d5 {[%emt 0:00:03]} 2. c4 {[%emt 0:00:07]} c6 {[%emt
0:00:03]} 3. Nf3 {[%emt 0:00:07]} Nf6 {[%emt 0:00:03]} 4. Nc3 {[%emt 0:00:09]}
dxc4 {[%emt 0:00:02]} 5. a4 {[%emt 0:01:05]} Bf5 {[%emt 0:00:03]} 6. e3 { [%emt
0:00:06]} e6 {[%emt 0:00:06]} 7. Bxc4 {[%emt 0:00:05]} Bb4 {[%emt 0:00:03]} 8.
O-O {[%emt 0:00:14]} O-O {[%emt 0:00:03]} 9. Nh4 {[%emt 0:00:14]} Nbd7 {[%emt
0:00:15]} 10. Nxf5 {[%emt 0:00:08]} exf5 {[%emt 0:00:05]} 11. Qc2 { [%emt
0:00:13]} g6 {[%emt 0:00:23]} 12. b3 {[%emt 0:00:16]} Nb6 {[%emt 0:00:23] } 13.
Ba3 {[%emt 0:00:08]} a5 {[%emt 0:00:15]} 14. Bxb4 {[%emt 0:00:16]} axb4 { [%emt
0:00:00]} 15. Na2 {[%emt 0:00:03]} Nbd5 {[%emt 0:00:27]} 16. Bxd5 { [%emt
0:00:10]} Nxd5 {[%emt 0:00:04]} 17. Qc4 {[%emt 0:00:04]} Qe7 {[%emt 0:00:20]}
18. Rac1 {[%emt 0:00:11]} Ra5 {[%emt 0:00:27]} 19. Qd3 {[%emt 0:00:30]} Rc8
{[%emt 0:00:28]} 20. Qd2 {[%emt 0:00:17]} Rca8 {[%emt 0:00:31]} 21. Rc4 { [%emt
0:00:09]} b5 {[%emt 0:00:12]} 22. Rxc6 {[%emt 0:00:17]} bxa4 {[%emt 0:00:03]}
23. bxa4 {[%emt 0:00:12]} Rxa4 {[%emt 0:00:04]} 24. Nc1 {[%emt 0:00:05]} Qb7
{[%emt 0:00:10]} 25. Rc4 {[%emt 0:00:10]} Ra1 {[%emt 0:02:16]} 26. Nb3 { [%emt
0:00:18]} Rxf1+ {[%emt 0:00:14]} 27. Kxf1 {[%emt 0:00:04]} Qb5 {[%emt 0:00:13]}
28. Qc2 {[%emt 0:00:17]} Nb6 {[%emt 0:00:09]} 29. Kg1 {[%emt 0:00:24]} Qxc4
{[%emt 0:00:04]} 0-1

[Event "DSJ Weihnachtsturnier U20 2020"]
[Site "https://play.chessbase.com/en/play?room=DSJWeihnachtU20"]
[Date "2020.12.29"]
[Round "3"]
[White "Werner, Tom"]
[Black "Keyser, Robin"]
[Result "0-1"]
[Termination "normal"]
[Board "12.1"]
[WhiteElo "1780"]
[BlackElo "2070"]
[WhiteTeam "VSG 1880 Offenbach"]
[BlackTeam "SK Johanneum Eppendorf"]
[PlyCount "88"]
[WhiteFideId "16223756"]
[BlackFideId "12986429"]
[EventRounds "7"]
[EventType "team-swiss"]
[EventDate "2020.12.29"]

1. c4 {[%emt 0:00:06]} g6 {[%emt 0:00:07]} 2. Nc3 {[%emt 0:00:19]} Bg7 { [%emt
0:00:02]} 3. g3 {[%emt 0:00:01]} e5 {[%emt 0:00:05]} 4. Bg2 {[%emt 0:00:00]} d6
{[%emt 0:00:02]} 5. e3 {[%emt 0:00:03]} Nc6 {[%emt 0:00:02]} 6. Nge2 { [%emt
0:00:01]} f5 {[%emt 0:00:03]} 7. O-O {[%emt 0:00:02]} Nf6 {[%emt 0:00:02] } 8.
d4 {[%emt 0:00:03]} O-O {[%emt 0:00:05]} 9. a3 {[%emt 0:00:27]} e4 { [%emt
0:00:19]} 10. b4 {[%emt 0:00:26]} Kh8 {[%emt 0:00:13]} 11. Nf4 {[%emt 0:00:34]
SKJE1-001 reconnected.} Ne7 {[%emt 0:00:15]} 12. Bb2 {[%emt 0:00:03]} g5 {[%emt
0:00:02]} 13. Nh3 {[%emt 0:00:47]} h6 {[%emt 0:00:06]} 14. f3 {[%emt 0:00:04]}
d5 {[%emt 0:00:26]} 15. fxe4 {[%emt 0:00:15]} dxe4 {[%emt 0:00:03]} 16. Qe2
{[%emt 0:00:31]} c6 {[%emt 0:00:25]} 17. Nf2 {[%emt 0:00:58]} a5 {[%emt
0:00:08]} 18. Rad1 {[%emt 0:00:03]} axb4 {[%emt 0:00:03]} 19. axb4 {[%emt
0:00:00]} Qb6 {[%emt 0:00:01]} 20. b5 {[%emt 0:00:30]} Be6 {[%emt 0:00:07]} 21.
c5 { [%emt 0:00:05]} Qd8 {[%emt 0:00:09]} 22. d5 {[%emt 0:00:22]} cxd5 {[%emt
0:00:14]} 23. Ra1 {[%emt 0:00:25]} Qc7 {[%emt 0:00:05]} 24. Na4 {[%emt
0:00:15]} Rfc8 {[%emt 0:00:46]} 25. Bd4 {[%emt 0:00:09]} Nd7 {[%emt 0:00:11]}
26. Rfc1 { [%emt 0:00:22]} Ne5 {[%emt 0:00:24]} 27. Nb6 {[%emt 0:00:15]} Rxa1
{[%emt 0:00:03]} 28. Rxa1 {[%emt 0:00:00]} Rd8 {[%emt 0:00:10]} 29. Ra7 {[%emt
0:00:08]} Nc8 {[%emt 0:00:14]} 30. Nxc8 {[%emt 0:00:23]} Qxc8 {[%emt 0:00:00]}
31. Qa2 { [%emt 0:00:01]} Nc4 {[%emt 0:00:18]} 32. Qa4 {[%emt 0:00:20]} Bxd4
{[%emt 0:00:20]} 33. exd4 {[%emt 0:00:02]} Bd7 {[%emt 0:00:19]} 34. Nd1 {[%emt
0:00:18]} f4 {[%emt 0:00:22]} 35. Nc3 {[%emt 0:00:02]} f3 {[%emt 0:00:06]} 36.
Bf1 {[%emt 0:00:02]} Ne3 {[%emt 0:00:22]} 37. Qa2 {[%emt 0:01:13]} Bh3 {[%emt
0:00:11]} 38. Bxh3 {[%emt 0:00:25]} Qxh3 {[%emt 0:00:04]} 39. Qf2 {[%emt
0:00:00]} Ng4 { [%emt 0:00:06]} 40. Qd2 {[%emt 0:00:29]} f2+ {[%emt 0:00:05]}
41. Qxf2 { [%emt 0:00:05]} Nxf2 {[%emt 0:00:03]} 42. Kxf2 {[%emt 0:00:00]}
Qxh2+ {[%emt 0:00:02]} 43. Ke3 {[%emt 0:00:01]} Qxg3+ {[%emt 0:00:02]} 44. Kd2
{[%emt 0:00:01] } Qd3+ {[%emt 0:00:01]} 0-1

[Event "DSJ Weihnachtsturnier U20 2020"]
[Site "https://play.chessbase.com/en/play?room=DSJWeihnachtU20"]
[Date "2020.12.29"]
[Round "3"]
[White "Keyser, Philipp"]
[Black "Werner, Rosalie"]
[Result "1/2-1/2"]
[Termination "normal"]
[Board "12.2"]
[WhiteElo "2030"]
[BlackElo "1751"]
[WhiteTeam "SK Johanneum Eppendorf"]
[BlackTeam "VSG 1880 Offenbach"]
[PlyCount "96"]
[WhiteFideId "12986437"]
[BlackFideId "16223748"]
[EventRounds "7"]
[EventType "team-swiss"]
[EventDate "2020.12.29"]

1. e4 {[%emt 0:00:12]} c5 {[%emt 0:00:02]} 2. Nf3 { [%emt 0:00:01]} Nc6 {[%emt
0:00:02]} 3. d4 {[%emt 0:00:03]} cxd4 {[%emt 0:00:03]} 4. Nxd4 {[%emt 0:00:00]}
e5 {[%emt 0:00:02]} 5. Nb5 {[%emt 0:00:06]} d6 { [%emt 0:00:02]} 6. N1c3 {[%emt
0:00:03]} a6 {[%emt 0:00:02]} 7. Na3 {[%emt 0:00:01]} Be7 {[%emt 0:00:01]} 8.
g3 {[%emt 0:00:06]} Nf6 {[%emt 0:00:17]} 9. Bg2 {[%emt 0:00:02]} Be6 {[%emt
0:00:49]} 10. O-O {[%emt 0:00:22]} O-O {[%emt 0:00:04]} 11. Nd5 {[%emt
0:00:04]} b5 {[%emt 0:00:14]} 12. Nxf6+ {[%emt 0:00:20]} Bxf6 {[%emt 0:00:05]}
13. c3 {[%emt 0:00:01]} Ne7 {[%emt 0:00:37]} 14. Nc2 { [%emt 0:00:09]} d5
{[%emt 0:00:20]} 15. exd5 {[%emt 0:00:15]} Bxd5 {[%emt 0:00:04]} 16. Ne3 {[%emt
0:00:02]} Bxg2 {[%emt 0:00:09]} 17. Kxg2 {[%emt 0:00:01]} Qxd1 {[%emt 0:00:13]}
18. Rxd1 {[%emt 0:00:03]} Rfd8 {[%emt 0:00:02]} 19. Bd2 { [%emt 0:00:19]} Rd7
{[%emt 0:00:12]} 20. Be1 {[%emt 0:00:02]} Rad8 {[%emt 0:00:02]} 21. Rxd7 {[%emt
0:00:01]} Rxd7 {[%emt 0:00:00]} 22. Rd1 {[%emt 0:00:02]} Rxd1 {[%emt 0:00:14]}
23. Nxd1 {[%emt 0:00:00]} Bg5 {[%emt 0:00:01]} 24. b3 { [%emt 0:00:08]} Bc1
{[%emt 0:00:28]} 25. c4 {[%emt 0:00:06]} bxc4 {[%emt 0:00:05]} 26. bxc4 {[%emt
0:00:00]} Nc6 {[%emt 0:00:02]} 27. Nc3 {[%emt 0:00:13]} f6 {[%emt 0:00:16]} 28.
Nd5 {[%emt 0:00:01]} Ba3 {[%emt 0:00:11]} 29. Bc3 { [%emt 0:00:27]} Kf7 {[%emt
0:00:06]} 30. Kf3 {[%emt 0:00:01]} Bc5 {[%emt 0:00:10]} 31. Nc7 {[%emt
0:00:22]} a5 {[%emt 0:00:08]} 32. Ke2 {[%emt 0:00:11]} Ke7 {[%emt 0:00:16]} 33.
f3 {[%emt 0:00:07]} Nd4+ {[%emt 0:00:21]} 34. Bxd4 { [%emt 0:00:04]} Bxd4
{[%emt 0:00:05]} 35. Kd3 {[%emt 0:00:08]} Kd7 {[%emt 0:00:26]} 36. Nb5 {[%emt
0:00:13]} Bg1 {[%emt 0:00:09]} 37. h3 {[%emt 0:00:01]} Bf2 {[%emt 0:00:02]} 38.
g4 {[%emt 0:00:01]} Kc6 {[%emt 0:00:10]} 39. Nc3 {[%emt 0:00:02]} Bd4 {[%emt
0:00:04]} 40. Ne4 {[%emt 0:00:01]} Bb2 {[%emt 0:00:56]} 41. h4 {[%emt 0:00:11]}
h6 {[%emt 0:00:10]} 42. h5 {[%emt 0:00:09]} Bc1 {[%emt 0:00:11] Offenba1-002
offers a draw} 43. Kc2 {[%emt 0:00:12]} Be3 {[%emt 0:00:04] } 44. Kb3 {[%emt
0:00:06]} Bd4 {[%emt 0:00:24]} 45. Ka4 {[%emt 0:00:03]} Kb6 { [%emt 0:00:02]}
46. Kb3 {[%emt 0:00:03]} Kc6 {[%emt 0:00:04]} 47. Ka4 {[%emt 0:00:14]} Bb6
{[%emt 0:00:05]} 48. Kb3 {[%emt 0:00:24]} Bd4 {[%emt 0:00:05]} 1/2-1/2

[Event "DSJ Weihnachtsturnier U20 2020"]
[Site "https://play.chessbase.com/en/play?room=DSJWeihnachtU20"]
[Date "2020.12.29"]
[Round "3"]
[White "Werner, Florin"]
[Black "Killgus, Leonard"]
[Result "0-1"]
[Termination "normal"]
[Board "12.3"]
[WhiteElo "1533"]
[BlackElo "1962"]
[WhiteTeam "VSG 1880 Offenbach"]
[BlackTeam "SK Johanneum Eppendorf"]
[PlyCount "70"]
[WhiteFideId "16250230"]
[BlackFideId "12922021"]
[EventRounds "7"]
[EventType "team-swiss"]
[EventDate "2020.12.29"]

1. e4 {[%emt 0:00:10]} c5 {[%emt 0:00:03]} 2. Nf3 {[%emt 0:00:11]} e6 {[%emt
0:00:03]} 3. d4 {[%emt 0:00:11]} cxd4 {[%emt 0:00:00]} 4. Nxd4 {[%emt 0:00:03]}
a6 {[%emt 0:00:01]} 5. Nc3 {[%emt 0:00:04]} b5 {[%emt 0:00:03]} 6. Be3 { [%emt
0:00:13]} Qc7 {[%emt 0:00:10]} 7. Bd3 {[%emt 0:00:37]} Bb7 {[%emt 0:00:06]} 8.
f3 {[%emt 0:00:09]} Nf6 {[%emt 0:00:03]} 9. O-O {[%emt 0:00:24]} d5 { [%emt
0:00:13]} 10. exd5 {[%emt 0:00:17]} Nxd5 {[%emt 0:00:00]} 11. Nxd5 { [%emt
0:00:43]} Bxd5 {[%emt 0:00:00]} 12. c3 {[%emt 0:00:08]} Nd7 {[%emt 0:00:47]}
13. Qc2 {[%emt 0:00:13]} g6 {[%emt 0:00:13]} 14. Ne2 {[%emt 0:00:56]} Bg7
{[%emt 0:00:45]} 15. Nf4 {[%emt 0:00:13]} Bc4 {[%emt 0:00:06]} 16. Bxc4 { [%emt
0:00:06]} bxc4 {[%emt 0:00:16]} 17. Rad1 {[%emt 0:00:03]} O-O {[%emt 0:00:03]}
18. Rd2 {[%emt 0:00:15]} Bh6 {[%emt 0:01:36]} 19. Qe4 {[%emt 0:00:21]} Nf6
{[%emt 0:01:38]} 20. Qd4 {[%emt 0:00:30]} e5 {[%emt 0:00:49]} 21. Qd6 { [%emt
0:01:16]} Qxd6 {[%emt 0:00:37]} 22. Rxd6 {[%emt 0:00:00]} exf4 {[%emt 0:00:02]}
23. Bxf4 {[%emt 0:00:15]} Bxf4 {[%emt 0:00:10]} 24. Rxf6 {[%emt 0:00:02]} Be5
{[%emt 0:00:01]} 25. Rc6 {[%emt 0:00:08]} Rfc8 {[%emt 0:00:02]} 26. Rb6 {[%emt
0:00:02]} Rcb8 {[%emt 0:00:09]} 27. Rc6 {[%emt 0:00:10]} Rxb2 { [%emt 0:00:06]}
28. Rxc4 {[%emt 0:00:03]} Rxa2 {[%emt 0:00:06]} 29. Re1 { [%emt 0:00:02]} Bf6
{[%emt 0:00:08]} 30. Rc6 {[%emt 0:00:03]} Kg7 {[%emt 0:00:03]} 31. c4 {[%emt
0:00:15]} Rc2 {[%emt 0:00:03]} 32. Rd1 {[%emt 0:00:35]} Rb8 {[%emt 0:00:08]}
33. Rxa6 {[%emt 0:00:07]} Rxc4 {[%emt 0:00:13]} 34. Rdd6 { [%emt 0:00:05]} Rc2
{[%emt 0:00:15]} 35. Ra1 {[%emt 0:00:18]} Bxa1 {[%emt 0:00:03]} 0-1

[Event "DSJ Weihnachtsturnier U20 2020"]
[Site "https://play.chessbase.com/en/play?room=DSJWeihnachtU20"]
[Date "2020.12.29"]
[Round "3"]
[White "Hermes, Simon"]
[Black "Bergmann, Lennart"]
[Result "1-0"]
[Termination "normal"]
[Board "12.4"]
[WhiteElo "1646"]
[BlackElo "1505"]
[WhiteTeam "SK Johanneum Eppendorf"]
[BlackTeam "VSG 1880 Offenbach"]
[PlyCount "53"]
[WhiteFideId "16253841"]
[BlackFideId "16270657"]
[EventRounds "7"]
[EventType "team-swiss"]
[EventDate "2020.12.29"]

1. d4 {[%emt 0:00:03]} Nf6 {[%emt 0:00:14]} 2. c4 {[%emt 0:00:02]} d6 {[%emt
0:00:18]} 3. Nc3 {[%emt 0:00:06]} Nbd7 {[%emt 0:00:14]} 4. e4 {[%emt 0:00:07]}
e5 {[%emt 0:00:02]} 5. Nf3 {[%emt 0:00:10]} c6 {[%emt 0:00:49]} 6. Be2 {[%emt
0:00:07]} g6 {[%emt 0:00:12]} 7. O-O {[%emt 0:00:05]} Bg7 {[%emt 0:00:09]} 8.
Be3 {[%emt 0:00:13]} O-O {[%emt 0:00:19]} 9. d5 {[%emt 0:00:18]} cxd5 {[%emt
0:00:22]} 10. cxd5 {[%emt 0:00:06]} b6 {[%emt 0:00:08]} 11. Nd2 {[%emt
0:01:12]} Nc5 {[%emt 0:00:04]} 12. b4 {[%emt 0:00:15]} Ncd7 {[%emt 0:00:18]}
13. Rc1 { [%emt 0:00:30]} Re8 {[%emt 0:00:19]} 14. Nb5 {[%emt 0:00:26]} Nf8
{[%emt 0:00:18]} 15. Nc7 {[%emt 0:00:04]} Rb8 {[%emt 0:00:10]} 16. Nxe8 {[%emt
0:00:03]} Nxe8 {[%emt 0:00:00]} 17. Nc4 {[%emt 0:00:37]} f5 {[%emt 0:00:06]}
18. f3 { [%emt 0:00:36]} f4 {[%emt 0:00:15]} 19. Bf2 {[%emt 0:00:01]} g5 {[%emt
0:00:02] } 20. a4 {[%emt 0:00:15]} Nf6 {[%emt 0:00:13]} 21. a5 {[%emt 0:00:10]}
b5 { [%emt 0:00:03]} 22. Na3 {[%emt 0:00:17]} a6 {[%emt 0:00:01]} 23. Bb6
{[%emt 0:00:03]} Qe7 {[%emt 0:00:06]} 24. Rc7 {[%emt 0:00:10]} N8d7 {[%emt
0:00:17]} 25. Qc1 {[%emt 0:00:18]} Qf8 {[%emt 0:00:16]} 26. Qc6 {[%emt
0:00:47]} Ne8 { [%emt 0:00:27]} 27. Rxc8 {[%emt 0:00:15]} 1-0

[Event "DSJ Weihnachtsturnier U20 2020"]
[Site "https://play.chessbase.com/en/play?room=DSJWeihnachtU20"]
[Date "2020.12.29"]
[Round "3"]
[White "Kolb, Tobias"]
[Black "Kamp, Aaron"]
[Result "1-0"]
[Termination "time forfeit"]
[Board "13.1"]
[WhiteElo "2285"]
[BlackElo "1771"]
[WhiteTeam "SC 1868 Bamberg"]
[BlackTeam "Schachklub Münster 32 2"]
[PlyCount "59"]
[WhiteFideId "12992321"]
[BlackFideId "16231120"]
[EventRounds "7"]
[EventType "team-swiss"]
[EventDate "2020.12.29"]

1. d4 {[%emt 0:00:08]} Nf6 {[%emt 0:00:02]} 2. c4 {[%emt 0:00:03]} g6 {[%emt
0:00:02]} 3. Nc3 {[%emt 0:00:01]} d5 {[%emt 0:00:02]} 4. cxd5 {[%emt 0:00:02]}
Nxd5 {[%emt 0:00:02]} 5. e4 {[%emt 0:00:02]} Nxc3 {[%emt 0:00:01]} 6. bxc3 {
[%emt 0:00:00]} Bg7 {[%emt 0:00:02]} 7. Bc4 {[%emt 0:00:01]} c5 {[%emt 0:00:11]
} 8. Ne2 {[%emt 0:00:02]} Nc6 {[%emt 0:00:06]} 9. Be3 {[%emt 0:00:04]} O-O {
[%emt 0:00:12]} 10. O-O {[%emt 0:00:02]} Qa5 {[%emt 0:00:16]} 11. Rb1 {[%emt
0:00:25]} a6 {[%emt 0:00:24]} 12. dxc5 {[%emt 0:00:42]} Ne5 {[%emt 0:00:23]}
13. Bd5 {[%emt 0:00:38]} e6 {[%emt 0:00:04]} 14. Bxb7 {[%emt 0:00:55]} Bxb7 {
[%emt 0:00:05]} 15. Rxb7 {[%emt 0:00:00]} Nc4 {[%emt 0:00:10]} 16. Bd4 { [%emt
0:00:34]} Rfd8 {[%emt 0:00:41]} 17. Qd3 {[%emt 0:00:10]} Qxc5 {[%emt 0:01:28]}
18. Rxf7 {[%emt 0:02:23]} Bxd4 {[%emt 0:03:00]} 19. cxd4 {[%emt 0:00:00]} Qc6
{[%emt 0:01:08]} 20. Qf3 {[%emt 0:02:25]} Rf8 {[%emt 0:01:00]} 21. Rxf8+ {[%emt
0:00:20]} Rxf8 {[%emt 0:00:03]} 22. Qd3 {[%emt 0:00:02]} Nd6 { [%emt 0:00:25]}
23. f3 {[%emt 0:00:07]} Rc8 {[%emt 0:00:19]} 24. Rc1 {[%emt 0:00:05]} Qb7
{[%emt 0:00:25]} 25. Rxc8+ {[%emt 0:00:06]} Qxc8 {[%emt 0:00:02]} 26. Qb3
{[%emt 0:00:06]} Nb5 {[%emt 0:00:05]} 27. a4 {[%emt 0:00:08]} Nd6 { [%emt
0:00:05]} 28. Qb6 {[%emt 0:00:34]} Nc4 {[%emt 0:00:03]} 29. Qc5 {[%emt
0:00:06]} Nb2 {[%emt 0:00:09]} 30. Qxc8+ {[%emt 0:00:02] TimeB} 1-0